|
|
|
|
| LEADER |
00000nam0a2200000 4500 |
| 001 |
209506 |
| 005 |
20231101225539.0 |
| 010 |
|
|
|a 9789854806846
|
| 035 |
|
|
|a (RuTPU)RU\TPU\book\228840
|
| 090 |
|
|
|a 209506
|
| 100 |
|
|
|a 20120213d2011 m y0rusy50 ca
|
| 101 |
0 |
|
|a rus
|
| 102 |
|
|
|a BY
|
| 105 |
|
|
|a y j 001zy
|
| 200 |
1 |
|
|a Защита населения и объектов в чрезвычайных ситуациях. Радиационная безопасность
|e курс лекций
|f Т. Ю. Герасимова
|g Могилёвский государственный университет им. А. А. Кулешова
|
| 210 |
|
|
|a Минск
|c Изд-во МГУ им. Кулешова
|d 2011
|
| 215 |
|
|
|a 253 с.
|
| 320 |
|
|
|a Библиогр.: с. 245-246.
|
| 330 |
|
|
|a В издании изложены основные причины возникновения чрезвычайных ситуаций в современных условиях. Дана характеристика современных средств поражения и очагов поражения. Указана система обеспечения безопасности населения в чрезвычайных ситуациях и способы защиты. Много внимания уделяется вопросу радиоактивных излучений, их воздействию на биологические объекты. Описывается авария на Чернобыльской АЭС и ее последствия. Даются рекомендации по обеспечению безопасного проживания на загрязненных радионуклидами территориях. Курс лекций написан в соответствии с образовательными стандартами по дисциплине "Защита населения и объектов в чрезвычайных ситуациях. Радиационная безопасность" для студентов педагогических специальностей вузов. Учебный материал пособия подобран так, чтобы у студентов была возможность работать самостоятельно. Приводится достаточно большой список литературы для работы.
|
| 606 |
1 |
|
|a Чрезвычайные ситуации
|2 stltpush
|3 (RuTPU)RU\TPU\subj\37291
|9 58373
|
| 606 |
1 |
|
|a Радиационная безопасность
|x Воздействие ионизирующего излучения
|2 stltpush
|3 (RuTPU)RU\TPU\subj\64915
|9 81603
|
| 610 |
1 |
|
|a понятия
|
| 610 |
1 |
|
|a классификация
|
| 610 |
1 |
|
|a природные опасности
|
| 610 |
1 |
|
|a техногенные опасности
|
| 610 |
1 |
|
|a биолого-социальные чрезвычайные ситуации
|
| 610 |
1 |
|
|a экологические чрезвычайные ситуации
|
| 610 |
1 |
|
|a средства поражения
|
| 610 |
1 |
|
|a очаги поражения
|
| 610 |
1 |
|
|a ядерная война
|
| 610 |
1 |
|
|a ядерное оружие
|
| 610 |
1 |
|
|a химическое оружие
|
| 610 |
1 |
|
|a биологическое оружие
|
| 610 |
1 |
|
|a информационные войны
|
| 610 |
1 |
|
|a информационный терроризм
|
| 610 |
1 |
|
|a массовые беспорядки
|
| 610 |
1 |
|
|a выживание
|
| 610 |
1 |
|
|a действия
|
| 610 |
1 |
|
|a предупреждение
|
| 610 |
1 |
|
|a государственная система
|
| 610 |
1 |
|
|a эвакуация
|
| 610 |
1 |
|
|a защитные сооружения
|
| 610 |
1 |
|
|a радиоактивность
|
| 610 |
1 |
|
|a ионизирующие излучения
|
| 610 |
1 |
|
|a источники
|
| 610 |
1 |
|
|a воздействие на организм
|
| 610 |
1 |
|
|a воздействие на человека
|
| 610 |
1 |
|
|a облучение
|
| 610 |
1 |
|
|a заболевания
|
| 610 |
1 |
|
|a Чернобыльская катастрофа
|
| 610 |
1 |
|
|a лекции
|
| 610 |
1 |
|
|a учебные пособия
|
| 675 |
|
|
|a 614.8(075.8)
|v 3
|
| 675 |
|
|
|a 614.876(076.8)
|v 3
|
| 700 |
|
1 |
|a Герасимова
|b Т. Ю.
|g Татьяна Юрьевна
|
| 712 |
0 |
2 |
|a Могилёвский государственный университет им. А.А. Кулешова
|c (1997- )
|2 stltpush
|3 (RuTPU)RU\TPU\col\17909
|
| 801 |
|
1 |
|a RU
|b 63413507
|c 20120213
|
| 801 |
|
2 |
|a RU
|b 63413507
|c 20120502
|g RCR
|
| 900 |
|
|
|a Защита населения и территорий в чрезвычайных ситуациях
|
| 900 |
|
|
|a Радиационная безопасность человека и окружающей среды
|
| 900 |
|
|
|a Радиационная и химическая защита
|
| 942 |
|
|
|c BK
|
| 959 |
|
|
|a 25/20120213
|d 2
|e 345,40
|f ЧЗТЛ:1
|f АНЛ:1
|